A misunderstood reformer / (Record no. 32410)
[ view plain ]
| 000 -LEADER | |
|---|---|
| fixed length control field | 01029nam a22002772a 4500 |
| 001 - CONTROL NUMBER | |
| control field | 32410 |
| 003 - CONTROL NUMBER IDENTIFIER | |
| rucl marc code | BD-RjUL |
| 005 - DATE AND TIME OF LATEST TRANSACTION | |
| control field | 20211209051830.0 |
| 008 - FIXED-LENGTH DATA ELEMENTS--GENERAL INFORMATION | |
| fixed length control field | 140426s1979 ii b 000 0beng d |
| 035 ## - SYSTEM CONTROL NUMBER | |
| System control number | (BD-RjUL)32499 |
| -- | OCLC ocm14089697 from D960517M |
| 040 ## - CATALOGING SOURCE | |
| Original cataloging agency | IUL |
| Transcribing agency | IUL |
| Modifying agency | BD-RjUL |
| Language of cataloging | eng |
| 041 ## - LANGUAGE CODE | |
| Language code of text/sound track or separate title | eng |
| 082 ## - DEWEY DECIMAL CLASSIFICATION NUMBER | |
| Classification number | 297.09 |
| Author mark and year | NAM 1979 |
| 100 1# - MAIN ENTRY--PERSONAL NAME | |
| Personal name | Nadwi, S. Abul Hasan Ali, |
| Dates associated with a name | 1913- |
| 9 (RLIN) | 98601 |
| 245 12 - TITLE STATEMENT | |
| Title | A misunderstood reformer / |
| Statement of responsibility, etc. | by S. Abul Hasan Ali Nadwi ; translated by Mohiuddin Ahmad |
| 250 ## - EDITION STATEMENT | |
| Edition statement | 1st English ed. |
| 260 ## - PUBLICATION, DISTRIBUTION, ETC. (IMPRINT) | |
| Place of publication, distribution, etc. | Lucknow, India : |
| Name of publisher, distributor, etc. | Academy of Islamic Research and Publications, |
| Date of publication, distribution, etc. | 1979. |
| 300 ## - PHYSICAL DESCRIPTION | |
| Pagination | 57 p. ; |
| Size | 18 cm. |
| 490 1# - SERIES STATEMENT | |
| Series statement | Series / Academy of Islamic Research & Publications ; |
| Volume/sequential designation | no. 131 |
| 504 ## - BIBLIOGRAPHY, ETC. NOTE | |
| Bibliography, etc | Includes bibliographical references. |
| 600 00 - SUBJECT ADDED ENTRY--PERSONAL NAME | |
| Personal name | Sayyid Aḥmad Shahīd, |
| Dates associated with a name | 1786-1831. |
| 650 #0 - SUBJECT ADDED ENTRY--TOPICAL TERM | |
| Topical term or geographic name as entry element | Islam |
| Geographic subdivision | Pakistan |
| General subdivision | History. |
| 9 (RLIN) | 98603 |
| 830 #0 - SERIES ADDED ENTRY--UNIFORM TITLE | |
| Volume number/sequential designation | no. 131 |
| Uniform title | Series (Academy of Islamic Research & Publications (Lucknow, India)) ; |
| 942 ## - ADDED ENTRY ELEMENTS (KOHA) | |
| Source of classification or shelving scheme | Dewey Decimal Classification |
| Koha item type | Books |
| Lost status | Source of classification or shelving scheme | Damaged status | Not for loan | Collection code | Permanent Location | Current Location | Shelving location | Date acquired | Source of acquisition | Cost, normal purchase price | Total Checkouts | Full call number | Date last seen | Copy number | Koha item type |
|---|---|---|---|---|---|---|---|---|---|---|---|---|---|---|---|
| Dewey Decimal Classification | Not For Loan | Non-fiction | Central Library, University of Rajshahi | Central Library, University of Rajshahi | Reading Room | 30/04/1992 | Abacus Books, London | 0.33 | 297.09 NAM 1979 | 26/04/2014 | C-1 | Books |